| 000 | 00511nam a22001937a 4500 | ||
|---|---|---|---|
| 003 | OSt | ||
| 005 | 20260519094131.0 | ||
| 008 | 260519b |||||||| |||| 00| 0 eng d | ||
| 020 | _a0-87196-720-0 | ||
| 040 | _cChuka University Library | ||
| 050 | _aML 3545 .L5 1983 | ||
| 100 |
_aLifton Sarah _925370 |
||
| 245 | _aFOLK MUSIC | ||
| 260 |
_aNew York _bFacts On File _c1983 |
||
| 300 | _a140 P. | ||
| 650 |
_aFolk Music---History and Criticism _925371 |
||
| 650 |
_aMusic,Popular _925372 |
||
| 942 |
_2lcc _cMU _n0 |
||
| 999 |
_c22423 _d22423 |
||